00383 2200145 4500001002100000008004100021035002000062245002500082100001900107260002800126300002000154082001800174650003200192990001300224INLIS000000000000677 ind  a0010-0322000677 aRORO JONGGRANGcIKHA aGIBRAN MAULANA aSURABAYAbCAHAYA AGENCY a24 hlm.c19 cm. a398.395 982 6 aCERITA RAKYAT - JAWA TENGAH a102839-1